000 00324nam a2200121 i 4500
001 bg
245 0 _aTrzydzieści lat gospodarki Polski Ludowej: praca zbiorowa /
_cPod red. nauk. K. Secomskiego.
260 _aWarszawa,
_c1984.
040 _cBPK
041 _apol
942 _cKS
008 s pl f |000 0 pol
999 _c22761
_d22761
856 _uhttp://koha.tu.koszalin.pl/cgi-bin/koha/opac-detail.pl?biblionumber=22761
_yKatalog online BPK